<?xml version="1.0" encoding="UTF-8"?>
<collection xmlns="http://www.loc.gov/MARC21/slim">
<record>
  <controlfield tag="001">111281</controlfield>
  <controlfield tag="005">20220309093113.0</controlfield>
  <datafield tag="037" ind1=" " ind2=" ">
    <subfield code="a">TAZ-TFG-2021-685</subfield>
  </datafield>
  <datafield tag="041" ind1=" " ind2=" ">
    <subfield code="a">spa</subfield>
  </datafield>
  <datafield tag="100" ind1="1" ind2=" ">
    <subfield code="a">Fumanal Gracia, María</subfield>
  </datafield>
  <datafield tag="242" ind1="0" ind2="0">
    <subfield code="a">Kommerell's diverticulum: Review and case report</subfield>
  </datafield>
  <datafield tag="245" ind1="0" ind2="0">
    <subfield code="a">Divertículo de Kommerell: Revisión bibliográfica y presentación de un caso</subfield>
  </datafield>
  <datafield tag="260" ind1=" " ind2=" ">
    <subfield code="a">Zaragoza</subfield>
    <subfield code="b">Universidad de Zaragoza</subfield>
    <subfield code="c">2021</subfield>
  </datafield>
  <datafield tag="506" ind1=" " ind2=" ">
    <subfield code="a">by-nc-sa</subfield>
    <subfield code="b">Creative Commons</subfield>
    <subfield code="c">3.0</subfield>
    <subfield code="u">http://creativecommons.org/licenses/by-nc-sa/3.0/</subfield>
  </datafield>
  <datafield tag="520" ind1=" " ind2=" ">
    <subfield code="a">El divertículo de Kommerell, resultado de una alteración en el desarrollo embriológico del arco aórtico, es una anomalía de la aorta descendente proximal presente tanto en arcos aórticos izquierdos como en derechos, de los cuales surge una arteria subclavia aberrante del lado contralateral.&lt;br />Generalmente asintomático, las manifestaciones más frecuentes son resultado de la compresión de estructuras vecinas, presentando un alto riesgo de disección o rotura por la presencia de necrosis en la capa media de la pared del divertículo.&lt;br />Para su diagnóstico, la tomografía computarizada o la resonancia magnética con contraste son las pruebas de elección. En la actualidad, no existe un consenso en el manejo del divertículo, aunque se tiende a un tratamiento agresivo y precoz para evitar complicaciones y se recomienda tratar quirúrgicamente a todo paciente sintomático o que presente un divertículo de gran tamaño. Las opciones quirúrgicas incluyen cirugía abierta, tratamiento endovascular o la combinación de las dos (tratamiento híbrido), dependiendo de la anatomía y comorbilidades del paciente y de la experiencia de los profesionales.&lt;br />Se presenta uno de los pocos casos con seguimiento en Zaragoza, de un paciente pluripatológico diagnosticado de forma casual en una prueba de imagen de divertículo de Kommerell. Se decidió tratamiento quirúrgico híbrido en dos tiempos, la evolución no fue la esperada y se produjo el fallecimiento en el postoperatorio de la segunda intervención.&lt;br />&lt;br /></subfield>
  </datafield>
  <datafield tag="521" ind1=" " ind2=" ">
    <subfield code="a">Graduado en Medicina</subfield>
  </datafield>
  <datafield tag="540" ind1=" " ind2=" ">
    <subfield code="a">Derechos regulados por licencia Creative Commons</subfield>
  </datafield>
  <datafield tag="700" ind1=" " ind2=" ">
    <subfield code="a">Infante Force, Begoña</subfield>
    <subfield code="e">dir.</subfield>
  </datafield>
  <datafield tag="700" ind1=" " ind2=" ">
    <subfield code="a">Inaraja Pérez, Gabriel C.</subfield>
    <subfield code="e">dir.</subfield>
  </datafield>
  <datafield tag="710" ind1="2" ind2=" ">
    <subfield code="a">Universidad de Zaragoza</subfield>
    <subfield code="b">Anatomía e Histología Humanas</subfield>
    <subfield code="c">Anatomía y Embriología Humana</subfield>
  </datafield>
  <datafield tag="856" ind1="0" ind2=" ">
    <subfield code="f">729164@unizar.es</subfield>
  </datafield>
  <datafield tag="856" ind1="4" ind2=" ">
    <subfield code="s">6338243</subfield>
    <subfield code="u">http://zaguan.unizar.es/record/111281/files/TAZ-TFG-2021-685.pdf</subfield>
    <subfield code="y">Memoria (spa)</subfield>
  </datafield>
  <datafield tag="909" ind1="C" ind2="O">
    <subfield code="o">oai:zaguan.unizar.es:111281</subfield>
    <subfield code="p">driver</subfield>
    <subfield code="p">trabajos-fin-grado</subfield>
  </datafield>
  <datafield tag="950" ind1=" " ind2=" ">
    <subfield code="a"></subfield>
  </datafield>
  <datafield tag="980" ind1=" " ind2=" ">
    <subfield code="a">TAZ</subfield>
    <subfield code="b">TFG</subfield>
    <subfield code="c">MED</subfield>
  </datafield>
  <datafield tag="999" ind1=" " ind2=" ">
    <subfield code="a">20210524171537.CREATION_DATE</subfield>
  </datafield>
  <datafield tag="951" ind1=" " ind2=" ">
    <subfield code="a">deposita:2022-03-09</subfield>
  </datafield>
</record>
</collection>